000 00289 a2200133 4500
001 194999
040 _cMagnum
100 _aLispector, Clarice
240 1 0 _aFelicidade clandestina
_lpor
245 1 0 _aFelicidade clandestina
300 _a100
697 _aLITERATURA GERAL
942 _cBK
999 _c194999
_d194999